000 01292nam a2200433 i 4500
001 53408
003 ES-MaCES
005 20251115040006.0
008 241118s2024 sp f 000|| spad
017 _aV 2558-2024
_bDL
020 _a9788410715295
040 _aES-MaCES
_bspa
_cES-MaCES
100 1 _939014
_aBarrio Andrés, Moisés
245 1 0 _aManual de Derecho digital
_cMoisés Barrio Andrés
250 _a3ª ed
260 _aValencia
_bTirant lo Blanch
_c2024
300 _a367 p.
_c25 cm
490 0 _aManuales
504 _aBibliografía
541 _cCompra
650 4 _anuevas tecnologías
_930788
650 4 _atecnología de la información
_930104
650 4 _aInternet
_930572
650 4 _aeconomía colaborativa
_937923
650 4 _acomercio electrónico
_931575
650 4 _arobot industrial
_929509
650 4 _ainteligencia artificial
_930166
650 4 _aprotección de los datos
_929496
650 4 _aderecho
_927151
650 4 _aderecho comunitario
_929866
650 4 _aEspaña
_926964
650 4 _aUE
_926752
650 4 _amanual
_929264
653 1 0 _aDerecho
787 0 _tManual de Derecho digital
_w(ES-MaCES)52570
830 0 _aManuales (Tirant lo Blanch (Firma))
_933478
902 _aLIB Libro
942 _2CES
_cBK
_h6.0.
999 _c53408
_d53408